|
|
|
|
| LEADER |
00000nam a2200000 a 4500 |
| 001 |
vtls008399410 |
| 003 |
SK-MaSNL |
| 005 |
20260301075606.0 |
| 008 |
251124s1950 xo rus |
| 015 |
|
|
|a SKSNBA19451955-011679
|
| 035 |
|
|
|a SK01SNKBKSFS20010091627
|
| 035 |
|
|
|a SKM000094090
|
| 040 |
|
|
|a SNK
|b slo
|c SNK
|e AACR2
|
| 041 |
1 |
|
|a rus
|
| 044 |
|
|
|a xo
|
| 080 |
|
|
|a 329
|2 1981
|
| 245 |
1 |
0 |
|a Stroiteľstvo partii i organizacionnyj ustav
|b šestaja tema Goda partijnogo obučenija 1950-1951
|
| 260 |
|
|
|a Prjašev
|b KK KPS
|c [1950]
|e Prjašev
|f Pravda
|
| 300 |
|
|
|a 50, [2] s.
|c V. 8°
|
| 490 |
0 |
|
|a Material dlja obučenija v KPS : Osnovnoj kurs
|
| 563 |
|
|
|a 1.500 výtlač.
|
| 650 |
0 |
7 |
|a strany politické
|x budovanie
|2 SNK
|9 399926
|
| 655 |
|
7 |
|a knihy
|2 SNKPH
|9 307098
|
| 830 |
|
0 |
|a Material dlja obučenija v KPS : Osnovnoj kurs
|9 399927
|
| 852 |
|
|
|a Slovenská národná knižnica v Martine
|b 10000
|h MS SD 7981
|
| 852 |
|
|
|a Národní knihovna ČR Praha
|b 9090000
|h I 60234
|
| 852 |
|
|
|a Univerzitní knihovna Praha
|b 9230000
|h G 6357
|
| 958 |
|
|
|a OND
|
| 958 |
|
|
|a RK
|
| 958 |
|
|
|a TL
|
| 999 |
|
|
|c 650721
|d 652651
|
| 952 |
|
|
|a SNK
|b SNK
|y VYP
|7 0
|p 17A7633457
|o snkSD 7481 D1
|i snkKSF 881/58
|8 5
|0 0
|1 0
|4 0
|d 2012-04-18
|l 0
|r 2026-02-23 18:21:28
|w 2026-02-23
|